<?xml version="1.0" encoding="UTF-8"?>
<record
    xmlns:xsi="http://www.w3.org/2001/XMLSchema-instance"
    xsi:schemaLocation="http://www.loc.gov/MARC21/slim http://www.loc.gov/standards/marcxml/schema/MARC21slim.xsd"
    xmlns="http://www.loc.gov/MARC21/slim">

  <leader>02450cam a22004574a 4500</leader>
  <controlfield tag="001">5773054</controlfield>
  <controlfield tag="005">20220326193307.0</controlfield>
  <controlfield tag="008">060809s2005    cr ab    b    000 0 spa  </controlfield>
  <datafield tag="010" ind1=" " ind2=" ">
    <subfield code="a">  2007418891</subfield>
  </datafield>
  <datafield tag="020" ind1=" " ind2=" ">
    <subfield code="a">9968947695</subfield>
  </datafield>
  <datafield tag="020" ind1=" " ind2=" ">
    <subfield code="a">9789968947695</subfield>
  </datafield>
  <datafield tag="020" ind1=" " ind2=" ">
    <subfield code="a">8573163941</subfield>
  </datafield>
  <datafield tag="020" ind1=" " ind2=" ">
    <subfield code="a">9788573163940</subfield>
  </datafield>
  <datafield tag="035" ind1=" " ind2=" ">
    <subfield code="a">(OCoLC)ocm70915338</subfield>
  </datafield>
  <datafield tag="035" ind1=" " ind2=" ">
    <subfield code="a">(NNC)5773054</subfield>
  </datafield>
  <datafield tag="040" ind1=" " ind2=" ">
    <subfield code="a">DLC</subfield>
    <subfield code="c">DLC</subfield>
    <subfield code="d">IQU</subfield>
    <subfield code="d">PIT</subfield>
  </datafield>
  <datafield tag="041" ind1="0" ind2=" ">
    <subfield code="a">spa</subfield>
    <subfield code="a">eng</subfield>
  </datafield>
  <datafield tag="043" ind1=" " ind2=" ">
    <subfield code="a">nc-----</subfield>
    <subfield code="a">nccr---</subfield>
  </datafield>
  <datafield tag="082" ind1=" " ind2=" ">
    <subfield code="a">391.434.097.28</subfield>
    <subfield code="b">S684r</subfield>
  </datafield>
  <datafield tag="100" ind1="1" ind2=" ">
    <subfield code="a">Solano Lacl&#xE9;, Vania.</subfield>
    <subfield code="9">1780</subfield>
  </datafield>
  <datafield tag="245" ind1="1" ind2="0">
    <subfield code="a">Rostros, diablos y animales :</subfield>
    <subfield code="b">m&#xE1;scaras en las fiestas Centroamericanas = Faces, devils and animals : masks in the Central America festivities /</subfield>
    <subfield code="c">Vania Solano Lacl&#xE9;, Johnny Cart&#xED;n Quesada, Alejandro Tosatti.</subfield>
  </datafield>
  <datafield tag="246" ind1="3" ind2="1">
    <subfield code="a">Faces, devils and animals : masks in the Central America festivities</subfield>
  </datafield>
  <datafield tag="260" ind1=" " ind2=" ">
    <subfield code="a">San Jos&#xE9;, Costa Rica :</subfield>
    <subfield code="b">Fundaci&#xF3;n Museos del Banco Central :</subfield>
    <subfield code="b">Asociaci&#xF3;n Cultural InCorpore,</subfield>
    <subfield code="c">[2005]</subfield>
  </datafield>
  <datafield tag="300" ind1=" " ind2=" ">
    <subfield code="a">208 p. :</subfield>
    <subfield code="b">col. ill., map ;</subfield>
    <subfield code="c">28 cm.</subfield>
  </datafield>
  <datafield tag="500" ind1=" " ind2=" ">
    <subfield code="a">The publication is a parallel project of the exhibition by the same name held from September of 2005 to January, 2006 in Museos del Banco Central de Costa Rica.</subfield>
  </datafield>
  <datafield tag="504" ind1=" " ind2=" ">
    <subfield code="a">Includes bibliographical references (p. 205).</subfield>
  </datafield>
  <datafield tag="520" ind1="8" ind2=" ">
    <subfield code="a">The result of over 15 years of investigation on the subject with over 250 masks, and related costumes from Central America. The exhibition places the masks, in historical, geographic, environmental and social context. The book is the outcome of an exhaustive research by anthropologists Vania Solano Lacl&#xE9;, Johnny Cart&#xED;n Quesada and Alejandro Tosatti who compiled a large amount of publications, photographic material, oral testimonies . They studied the collection of more than 200 masks and complementary objects from multiple regions of Central America.</subfield>
  </datafield>
  <datafield tag="546" ind1=" " ind2=" ">
    <subfield code="a">Spanish and English.</subfield>
  </datafield>
  <datafield tag="650" ind1=" " ind2="0">
    <subfield code="a">Indian masks</subfield>
    <subfield code="z">Central America.</subfield>
    <subfield code="9">1781</subfield>
  </datafield>
  <datafield tag="650" ind1=" " ind2="0">
    <subfield code="a">Indian masks</subfield>
    <subfield code="z">Costa Rica.</subfield>
    <subfield code="9">1782</subfield>
  </datafield>
  <datafield tag="650" ind1=" " ind2="0">
    <subfield code="a">Festivals</subfield>
    <subfield code="z">Central America.</subfield>
    <subfield code="9">1783</subfield>
  </datafield>
  <datafield tag="650" ind1=" " ind2="0">
    <subfield code="a">Indians of Central America</subfield>
    <subfield code="x">Clothing</subfield>
    <subfield code="z">Costa Rica.</subfield>
    <subfield code="9">1784</subfield>
  </datafield>
  <datafield tag="650" ind1=" " ind2="0">
    <subfield code="a">Indian dance</subfield>
    <subfield code="z">Costa Rica.</subfield>
    <subfield code="9">1785</subfield>
  </datafield>
  <datafield tag="651" ind1=" " ind2="0">
    <subfield code="a">Costa Rica</subfield>
    <subfield code="x">Social life and customs.</subfield>
    <subfield code="9">1786</subfield>
  </datafield>
  <datafield tag="700" ind1="1" ind2=" ">
    <subfield code="a">Cart&#xED;n Quesada, Johnny.</subfield>
    <subfield code="9">1787</subfield>
  </datafield>
  <datafield tag="700" ind1="1" ind2=" ">
    <subfield code="a">Tosatti, Alessandro.</subfield>
    <subfield code="9">1788</subfield>
  </datafield>
  <datafield tag="710" ind1="2" ind2=" ">
    <subfield code="a">Banco Central de Costa Rica.</subfield>
    <subfield code="b">Museos.</subfield>
    <subfield code="9">1789</subfield>
  </datafield>
  <datafield tag="948" ind1="0" ind2=" ">
    <subfield code="a">20060809</subfield>
    <subfield code="b">b</subfield>
    <subfield code="c">rhg9</subfield>
    <subfield code="d">SCMC</subfield>
  </datafield>
  <datafield tag="948" ind1="1" ind2=" ">
    <subfield code="a">20071211</subfield>
    <subfield code="b">c</subfield>
    <subfield code="c">rhg9</subfield>
    <subfield code="d">SCMC</subfield>
  </datafield>
  <datafield tag="999" ind1=" " ind2=" ">
    <subfield code="c">375</subfield>
    <subfield code="d">375</subfield>
  </datafield>
  <datafield tag="952" ind1=" " ind2=" ">
    <subfield code="0">0</subfield>
    <subfield code="1">0</subfield>
    <subfield code="2">ddc</subfield>
    <subfield code="4">0</subfield>
    <subfield code="7">0</subfield>
    <subfield code="a">LV</subfield>
    <subfield code="b">LV</subfield>
    <subfield code="c">Pensamiento</subfield>
    <subfield code="d">2014-11-27</subfield>
    <subfield code="l">0</subfield>
    <subfield code="o">391.434.097.28 S684r</subfield>
    <subfield code="p">004021</subfield>
    <subfield code="r">2014-11-27 00:00:00</subfield>
    <subfield code="w">2014-11-27</subfield>
    <subfield code="y">01</subfield>
  </datafield>
</record>
